Report on socio-economic conditions of scheduled tribe labour at Rourkela (1987) (Record no. 481173)

000 -LEADER
fixed length control field 00566cam a22001457a 4500
008 - FIXED-LENGTH DATA ELEMENTS--GENERAL INFORMATION
fixed length control field 180718b1989 xxu||||| |||| 00| 0 eng d
082 ## - DEWEY DECIMAL CLASSIFICATION NUMBER
Classification number R6:BA27x5413 In2R
245 ## - TITLE STATEMENT
Title Report on socio-economic conditions of scheduled tribe labour at Rourkela (1987)
Statement of responsibility, etc. by Shram Bureau, Shram Mantralaya
260 ## - PUBLICATION, DISTRIBUTION, ETC.
Place of publication, distribution, etc. Delhi
Name of publisher, distributor, etc. The Controller of Publications
Date of publication, distribution, etc. 1989
300 ## - PHYSICAL DESCRIPTION
Extent 170+p.
650 ## - SUBJECT ADDED ENTRY--TOPICAL TERM
Topical term or geographic name entry element Work environment - India - Bihar - Rourkela
650 ## - SUBJECT ADDED ENTRY--TOPICAL TERM
Topical term or geographic name entry element Rourkela - Scheduled tribes
650 ## - SUBJECT ADDED ENTRY--TOPICAL TERM
Topical term or geographic name entry element Labour - India - Bihar - Rourkela
700 ## - ADDED ENTRY--PERSONAL NAME
Personal name India. Shram Mantralaya. Shram Bureau
Holdings
Withdrawn status Lost status Damaged status Not for loan Permanent Location Current Location Date acquired Full call number Barcode Date last seen Price effective from Koha item type
        Indian Institute of Public Administration Indian Institute of Public Administration 2018-08-04 R6:BA27x5413 In2R GG21086 2018-08-04 2018-08-04 GG

Powered by Koha